| 000 | 00619nam a22001817a 4500 | ||
|---|---|---|---|
| 005 | 20180706150258.0 | ||
| 010 | _aENG-123399 | ||
| 020 |
_c300.00 _a9789352535293 |
||
| 035 | _aEN-106931 | ||
| 037 | _bDBAD/PUB | ||
| 082 | _a580 | ||
| 100 | _aPandey, B P | ||
| 245 | 0 | 0 |
_aBotany for degree students plant anatomy and embryology, B.Sc, Senester-III: _cby B P Pandey _bas per UGC choice based credit system (CBCS) / |
| 260 |
_aNew Delhi _bS. Chand and Company _c2018 |
||
| 270 |
_a7361, Ram Nagar, _bNew Delhi _e110055 |
||
| 300 |
_avarious paging. _c24cm(pbk) _bill. |
||
| 942 |
_2ddc _cEN _mPAN _h580 |
||
| 999 |
_c153530 _d153530 |
||